000 00500nam a22001697a 4500
005 20251108164721.0
008 250721s1986 xx 000 0 ara d
082 1 4 _a801.95/يحي
100 1 _aحقي، يحيى
245 1 0 _aعطر الأحباب /
264 1 _aالقاهرة :
_bالهيئة المصرية العامة للكتاب،
_c1986.
300 _a242ص
490 0 _aالكتابات النقدية ؛ 4
650 1 7 _aالنقد الأدبي
942 _2ddc
_cBK
999 _c12610
_d12610